[Event "Muensterland Verbandsliga 1920"]
[Site "Germany"]
[Date "2019.11.09"]
[Round "3.8"]
[White "Teloeken, Stefan"]
[Black "Wehmeier, Sven"]
[Result "1-0"]
[WhiteElo "1803"]
[BlackElo "1805"]
[PlyCount "97"]
[EventDate "2019.09.07"]
[EventType "team-tourn"]
[EventRounds "7"]
[EventCountry "GER"]
[SourceTitle "EXT 2023"]
[Source "ChessBase"]
[SourceDate "2022.10.05"]
[SourceVersion "1"]
[SourceVersionDate "2022.10.05"]
[SourceQuality "1"]
[WhiteTeam "Suedlohn II"]
[BlackTeam "Emsdetten Rochade II"]
[WhiteTeamCountry "GER"]
[BlackTeamCountry "GER"]

1. c4 Nf6 2. g3 g6 3. Nf3 Bg7 4. Bg2 c5 5. Nc3 0-0 6. 0-0 Nc6 7. d4 cxd4 8. Nxd4 Qb6 9. e3 a6 10. b3 d6 11. h3 Rb8 12. Bb2 Ne5 13. Qe2 Bd7 14. Kh2 Qa5 15. a3 Rfc8 16. Rac1 Qb6 17. f4 Nc6 18. Qd1 Nxd4 19. exd4 Rxc4 20. bxc4 Qxb2 21. Nb1 Ne8 22. d5 Bf5 23. Qe1 Bf8 24. Qc3 Qb6 25. Qb4 Qd8 26. Rfe1 Bxb1 27. Rxb1 Bg7 28. Re3 Bd4 29. Re2 b6 30. a4 a5 31. Qe1 Rb7 32. h4 Nf6 33. Bh3 Kf8 34. Qd2 Bc5 35. g4 Ng8 36. h5 Bb4 37. Qd4 Qc7 38. Rb3 f6 39. hxg6 hxg6 40. g5 Qc5 41. Qe4 f5 42. Bxf5 gxf5 43. Qxf5+ Ke8 44. Qg6+ Kf8 45. Qf5+ Ke8 46. Rh3 e5 47. Rh8 Rg7 48. Qe6+ Kd8 49. Qf6+ 1-0

[Event "Muensterland Verbandsliga 1920"]
[Site "Germany"]
[Date "2019.09.28"]
[Round "2.7"]
[White "Teloeken, Stefan"]
[Black "Weist, Thorsten"]
[Result "1/2-1/2"]
[WhiteElo "1801"]
[BlackElo "1728"]
[PlyCount "61"]
[EventDate "2019.09.07"]
[EventType "team-tourn"]
[EventRounds "7"]
[EventCountry "GER"]
[SourceTitle "EXT 2023"]
[Source "ChessBase"]
[SourceDate "2022.10.05"]
[SourceVersion "1"]
[SourceVersionDate "2022.10.05"]
[SourceQuality "1"]
[WhiteTeam "Suedlohn II"]
[BlackTeam "Nienberge II"]
[WhiteTeamCountry "GER"]
[BlackTeamCountry "GER"]

1. c4 Nf6 2. g3 g6 3. Bg2 Bg7 4. Nf3 d6 5. Nc3 0-0 6. 0-0 e5 7. d3 Nbd7 8. Rb1 c6 9. e4 a5 10. a3 Qe7 11. b4 axb4 12. axb4 Rd8 13. Qb3 Nf8 14. Bd2 h6 15. Ra1 Be6 16. Qb2 Qc7 17. b5 d5 18. c5 d4 19. Ne2 cxb5 20. Qxb5 N6d7 21. Ba5 b6 22. cxb6 Qb7 23. Rfc1 Rdc8 24. Nd2 Rab8 25. f4 Rxc1+ 26. Rxc1 Nxb6 27. Rb1 Nfd7 28. f5 gxf5 29. exf5 Bd5 30. Bxd5 Qxd5 31. Bxb6 1/2-1/2

[Event "Muensterland Verbandsklasse 1819"]
[Site "Germany"]
[Date "2018.10.06"]
[Round "2.4"]
[White "Teloeken, Stefan"]
[Black "Brinkmann, Franz Josef"]
[Result "1-0"]
[WhiteElo "1815"]
[BlackElo "1754"]
[PlyCount "131"]
[EventDate "2018.09.15"]
[EventType "team-tourn"]
[EventRounds "9"]
[EventCountry "GER"]
[SourceTitle "EXT 2020"]
[Source "ChessBase"]
[SourceDate "2019.10.17"]
[SourceVersion "1"]
[SourceVersionDate "2019.10.17"]
[SourceQuality "1"]
[WhiteTeam "Suedlohn II"]
[BlackTeam "Rheine Klein Berlin II"]
[WhiteTeamCountry "GER"]
[BlackTeamCountry "GER"]

1. c4 e5 2. g3 Nf6 3. Bg2 d5 4. cxd5 Nxd5 5. Nc3 c6 6. Qb3 Nxc3 7. bxc3 Qb6 8. Qc2 Bc5 9. e3 0-0 10. d4 exd4 11. cxd4 Bb4+ 12. Bd2 Nd7 13. Nf3 Qb5 14. Rb1 Bxd2+ 15. Nxd2 Qa5 16. 0-0 Nf6 17. Nc4 Qc7 18. e4 Be6 19. Ne3 Rac8 20. Rfc1 Qd7 21. Rd1 Rfd8 22. Qb2 b6 23. Rbc1 h6 24. f4 Qe7 25. f5 Bd7 26. e5 Nd5 27. Bxd5 cxd5 28. Nxd5 Qg5 29. f6 Rxc1 30. Qxc1 Qxc1 31. Rxc1 Be6 32. Ne7+ Kf8 33. d5 gxf6 34. exf6 Bg4 35. Kf2 Ke8 36. Ke3 Rd6 37. Rc6 Kd7 38. Kf4 h5 39. Ke5 Rxc6 40. Nxc6 a5 41. Nd4 Bd1 42. h3 Ba4 43. g4 hxg4 44. hxg4 Bd1 45. g5 Bh5 46. Nc6 a4 47. a3 Bg6 48. Nb4 Bb1 49. Nc6 Bg6 50. Nd4 Bh5 51. Nc2 Bg6 52. Nb4 Bb1 53. Nc6 Bg6 54. Kd4 Kd6 55. Ne5 Bh5 56. Nc4+ Kc7 57. Nb2 b5 58. Kc5 Bg6 59. Nd1 Kd7 60. Nc3 b4 61. Kxb4 Kd6 62. Kxa4 Ke5 63. Kb4 Bf5 64. Kc5 Bd7 65. a4 Kf5 66. Kd6 1-0

[Event "Muensterland Verbandsklasse 1718"]
[Site "Germany"]
[Date "2018.03.10"]
[Round "7.5"]
[White "Wilde, Juergen"]
[Black "Teloeken, Stefan"]
[Result "0-1"]
[WhiteElo "1634"]
[BlackElo "1739"]
[PlyCount "72"]
[EventDate "2017.09.16"]
[EventType "team-tourn"]
[EventRounds "9"]
[EventCountry "GER"]
[SourceTitle "EXT 2019"]
[Source "ChessBase"]
[SourceDate "2018.10.10"]
[SourceVersion "1"]
[SourceVersionDate "2018.10.10"]
[SourceQuality "1"]
[WhiteTeam "Rheine Klein Berlin II"]
[BlackTeam "Suedlohn II"]
[WhiteTeamCountry "GER"]
[BlackTeamCountry "GER"]

1. e4 c5 2. Nc3 d6 3. f4 Nf6 4. Nf3 Nc6 5. Bb5 Bd7 6. d3 a6 7. Bxc6 Bxc6 8. 0-0 e6 9. Qe1 Qc7 10. b3 0-0-0 11. a4 b6 12. a5 b5 13. d4 Qb7 14. Be3 Nxe4 15. Nxe4 Bxe4 16. dxc5 dxc5 17. Qc3 Bxf3 18. Rxf3 Rd5 19. b4 c4 20. Raf1 Qe7 21. Bc5 Qf6 22. Bxf8 Qxc3 23. Rxc3 Rxf8 24. Re3 Rfd8 25. Rfe1 Rd2 26. R1e2 R8d4 27. g3 Kb7 28. Kf2 c3 29. Rxc3 Rxe2+ 30. Kxe2 Rxb4 31. f5 exf5 32. Kf3 Rc4 33. Re3 Rxc2 34. Rd3 Kc7 35. Rd5 Rxh2 36. Rxf5 f6 0-1

[Event "Muensterland Verbandsliga 1617"]
[Site "Germany"]
[Date "2017.05.06"]
[Round "9.3"]
[White "Voss, Norbert"]
[Black "Teloeken, Stefan"]
[Result "1/2-1/2"]
[WhiteElo "1823"]
[BlackElo "1759"]
[PlyCount "59"]
[EventDate "2016.09.10"]
[EventType "team"]
[EventRounds "9"]
[EventCountry "GER"]
[SourceTitle "EXT 2018"]
[Source "ChessBase"]
[SourceDate "2017.10.13"]
[SourceVersion "1"]
[SourceVersionDate "2017.10.13"]
[SourceQuality "1"]
[WhiteTeam "Muenster SK IV"]
[BlackTeam "Suedlohn II"]
[WhiteTeamCountry "GER"]
[BlackTeamCountry "GER"]

1. c4 Nf6 2. g3 g6 3. Bg2 Bg7 4. Nf3 0-0 5. 0-0 c6 6. d4 d5 7. b3 Nbd7 8. Bb2 b6 9. Nc3 Bb7 10. Rc1 Rc8 11. cxd5 cxd5 12. Qd3 Nb8 13. Ne5 Nc6 14. Nxc6 Bxc6 15. Rc2 Qd7 16. a4 Qb7 17. Bc1 Rfd8 18. Bf4 Ne4 19. Rfc1 e5 20. Bxe5 Bxe5 21. dxe5 Nc5 22. Qd1 Nxb3 23. Rb1 d4 24. Bxc6 Qxc6 25. Rxb3 dxc3 26. Qa1 Qe4 27. Rbxc3 Qxe5 28. Qe1 Rxc3 29. Qxc3 Rd1+ 30. Kg2 1/2-1/2

[Event "Muensterland Verbandsklasse 1516"]
[Site "Germany"]
[Date "2016.05.28"]
[Round "9.3"]
[White "Krosenbrink, Marcel"]
[Black "Teloeken, Stefan"]
[Result "1-0"]
[WhiteElo "1774"]
[BlackElo "1770"]
[PlyCount "79"]
[EventDate "2015.09.19"]
[EventType "team"]
[EventRounds "9"]
[EventCountry "GER"]
[SourceTitle "EXT 2017"]
[Source "ChessBase"]
[SourceDate "2016.10.25"]
[SourceVersion "1"]
[SourceVersionDate "2016.10.25"]
[SourceQuality "1"]
[WhiteTeam "Stadtlohn"]
[BlackTeam "Suedlohn II"]
[WhiteTeamCountry "GER"]
[BlackTeamCountry "GER"]

1. d4 d5 2. Nf3 Nf6 3. Bg5 e6 4. e3 Be7 5. Bd3 h6 6. Bf4 0-0 7. Nbd2 b6 8. Ne5 Bb7 9. g4 Ne4 10. Bg3 Nd7 11. Nxd7 Qxd7 12. f4 c5 13. c3 cxd4 14. exd4 e5 15. fxe5 f6 16. Nxe4 dxe4 17. Bc4+ Bd5 18. Bxd5+ Qxd5 19. Qb3 Qxb3 20. axb3 fxe5 21. dxe5 Bg5 22. Rf1 Rxf1+ 23. Kxf1 Rd8 24. h4 Rd3 25. hxg5 Rxg3 26. gxh6 gxh6 27. Rxa7 Rxg4 28. Ra6 Rg6 29. c4 Re6 30. c5 Rxe5 31. c6 Rc5 32. Rxb6 Kf7 33. b4 Rc1+ 34. Ke2 Ke6 35. b5 Kd5 36. Rb7 Rc2+ 37. Ke3 Rxb2 38. c7 Rc2 39. b6 Kd6 40. Rb8 1-0

[Event "Muensterland Verbandsklasse 1516"]
[Site "Germany"]
[Date "2016.03.12"]
[Round "7.4"]
[White "Teloeken, Stefan"]
[Black "Iking, Bernhard"]
[Result "1/2-1/2"]
[WhiteElo "1770"]
[BlackElo "1775"]
[PlyCount "103"]
[EventDate "2015.09.19"]
[EventType "team"]
[EventRounds "9"]
[EventCountry "GER"]
[SourceTitle "EXT 2017"]
[Source "ChessBase"]
[SourceDate "2016.10.25"]
[SourceVersion "1"]
[SourceVersionDate "2016.10.25"]
[SourceQuality "1"]
[WhiteTeam "Suedlohn II"]
[BlackTeam "Gescher"]
[WhiteTeamCountry "GER"]
[BlackTeamCountry "GER"]

1. c4 Nf6 2. g3 c6 3. Nf3 g6 4. Bg2 Bg7 5. 0-0 d5 6. a4 0-0 7. Na3 Re8 8. d4 Nbd7 9. b4 Ne4 10. Bb2 a5 11. Qb3 axb4 12. Qxb4 Nb6 13. a5 Nxc4 14. Nxc4 dxc4 15. a6 Rxa6 16. Rxa6 bxa6 17. Qxc4 Qb6 18. Ba1 Be6 19. Qc2 Nd6 20. Ne5 Nb5 21. Qxc6 Qxc6 22. Bxc6 Rd8 23. d5 Bc8 24. Rb1 Bf5 25. Rb4 Rb8 26. e4 Bc8 27. f4 f6 28. Nf3 Kf7 29. Nd4 Bh3 30. Nxb5 axb5 31. Bxb5 Bd7 32. Bxd7 Rxb4 33. Be6+ Kf8 34. Bc3 Rxe4 35. f5 Rc4 36. Bb2 Rc2 37. Ba3 Ra2 38. Bxe7+ Kxe7 39. d6+ Kxd6 40. Bxa2 gxf5 41. Kf2 Ke5 42. Kf3 Bf8 43. Bb1 h6 44. h3 Ba3 45. g4 f4 46. Bg6 Bb4 47. Bh5 f5 48. Bg6 fxg4+ 49. hxg4 Be1 50. Bh5 Bg3 51. Be8 Kf6 52. Bh5 1/2-1/2

[Event "Muensterland Verbandsklasse 1516"]
[Site "Germany"]
[Date "2016.02.20"]
[Round "6.4"]
[White "Kadenbach, Wolfgang"]
[Black "Teloeken, Stefan"]
[Result "1/2-1/2"]
[WhiteElo "1731"]
[BlackElo "1770"]
[PlyCount "31"]
[EventDate "2015.09.19"]
[EventType "team"]
[EventRounds "9"]
[EventCountry "GER"]
[SourceTitle "EXT 2017"]
[Source "ChessBase"]
[SourceDate "2016.10.25"]
[SourceVersion "1"]
[SourceVersionDate "2016.10.25"]
[SourceQuality "1"]
[WhiteTeam "Raesfeld Erle II"]
[BlackTeam "Suedlohn II"]
[WhiteTeamCountry "GER"]
[BlackTeamCountry "GER"]

1. d4 d5 2. c4 e6 3. Nc3 Be7 4. Nf3 Nf6 5. Bg5 0-0 6. e3 c6 7. Rc1 Nbd7 8. Bd3 dxc4 9. Bxc4 b5 10. Bd3 a6 11. 0-0 Bb7 12. e4 Rc8 13. e5 Nd5 14. Bxe7 Qxe7 15. Nxd5 cxd5 16. Qe2 1/2-1/2

[Event "Muensterland Verbandsklasse 1415"]
[Site "Germany"]
[Date "2015.03.21"]
[Round "8.4"]
[White "Stein, Michael"]
[Black "Teloeken, Stefan"]
[Result "1/2-1/2"]
[WhiteElo "1687"]
[BlackElo "1764"]
[PlyCount "82"]
[EventDate "2014.09.13"]
[EventType "team-tourn"]
[EventRounds "9"]
[EventCountry "GER"]
[SourceTitle "EXT 2016"]
[Source "ChessBase"]
[SourceDate "2015.10.08"]
[SourceVersion "1"]
[SourceVersionDate "2015.10.08"]
[SourceQuality "1"]
[WhiteTeam "Gescher"]
[BlackTeam "Suedlohn II"]
[WhiteTeamCountry "GER"]
[BlackTeamCountry "GER"]

1. e4 c5 2. d4 cxd4 3. c3 d3 4. Bxd3 Nc6 5. c4 g6 6. Nc3 Bg7 7. Be3 d6 8. Nge2 Nf6 9. f3 0-0 10. 0-0 Ne5 11. b3 Nxd3 12. Qxd3 Bd7 13. Rac1 Qa5 14. Qd2 Rfe8 15. Rfd1 b6 16. Nd5 Qxd2 17. Rxd2 Rac8 18. a4 Nxd5 19. Rxd5 Bb2 20. Rcd1 Ba3 21. Kf2 Bc5 22. Bxc5 bxc5 23. R5d3 Bc6 24. Ke3 Rb8 25. Kd2 Rb7 26. Kc2 Reb8 27. Rc3 g5 28. Ng3 f6 29. Nf5 Kf7 30. h4 Bd7 31. hxg5 Bxf5 32. exf5 Rg8 33. g4 Rxg5 34. Rh1 Kg7 35. Rh4 h5 36. Rxh5 Rxh5 37. gxh5 Kh6 38. f4 Kxh5 39. Rg3 Kh6 40. Rg8 Kh7 41. Rg3 Rb8 1/2-1/2

[Event "Muensterland Verbandsklasse 1415"]
[Site "Germany"]
[Date "2015.02.07"]
[Round "6.4"]
[White "Rudde, Simon"]
[Black "Teloeken, Stefan"]
[Result "0-1"]
[WhiteElo "1718"]
[BlackElo "1764"]
[PlyCount "62"]
[EventDate "2014.09.13"]
[EventType "team-tourn"]
[EventRounds "9"]
[EventCountry "GER"]
[SourceTitle "EXT 2016"]
[Source "ChessBase"]
[SourceDate "2015.10.08"]
[SourceVersion "1"]
[SourceVersionDate "2015.10.08"]
[SourceQuality "1"]
[WhiteTeam "Ahaus Wessum II"]
[BlackTeam "Suedlohn II"]
[WhiteTeamCountry "GER"]
[BlackTeamCountry "GER"]

1. e4 c5 2. Nf3 d6 3. d4 cxd4 4. Nxd4 Nf6 5. Nc3 g6 6. Be3 Bg7 7. f3 0-0 8. Bc4 Nc6 9. Qd2 Bd7 10. 0-0-0 Rc8 11. Bb3 Ne5 12. Kb1 Nc4 13. Bxc4 Rxc4 14. g4 a6 15. h4 h5 16. gxh5 Nxh5 17. Rdg1 Kh7 18. Rg5 b5 19. Rhg1 Rg8 20. Rxh5+ gxh5 21. Rg5 Rh8 22. Qg2 Qf8 23. Nce2 f6 24. Rxh5+ Kg8 25. Rxh8+ Kxh8 26. Nf4 Qf7 27. h5 Kh7 28. Ng6 f5 29. Ne2 Qf6 30. c3 fxe4 31. fxe4 Rxe4 0-1

[Event "NRW Class1 1314"]
[Site "Germany"]
[Date "2013.11.17"]
[Round "3.8"]
[White "Schmidt, Andrea"]
[Black "Teloeken, Stefan"]
[Result "1-0"]
[WhiteElo "1908"]
[BlackElo "1762"]
[PlyCount "141"]
[EventDate "2013.09.15"]
[EventType "team-tourn"]
[EventRounds "9"]
[EventCountry "GER"]
[SourceTitle "EXT 2015"]
[Source "ChessBase"]
[SourceDate "2014.11.20"]
[SourceVersion "1"]
[SourceVersionDate "2014.11.20"]
[SourceQuality "1"]
[WhiteTeam "Elberfeld"]
[BlackTeam "Suedlohn"]
[WhiteTeamCountry "GER"]
[BlackTeamCountry "GER"]

1. e4 c5 2. Nf3 d6 3. d4 cxd4 4. c3 e6 5. cxd4 g6 6. Nc3 Bg7 7. Bc4 Ne7 8. 0-0 0-0 9. Be3 b6 10. Qe2 Bb7 11. Bg5 Nd7 12. Rac1 a6 13. a4 Qe8 14. Rfd1 h6 15. Bf4 Nc8 16. b4 Kh7 17. e5 d5 18. Bd3 Ne7 19. b5 a5 20. Na2 Qb8 21. Rc3 Rc8 22. Rdc1 Rxc3 23. Rxc3 Qd8 24. Bc1 Rc8 25. Rxc8 Qxc8 26. h4 Ng8 27. h5 Nf8 28. Nh4 Ne7 29. Qg4 Nf5 30. Ba3 Qe8 31. Nc1 Nxh4 32. Qxh4 Kg8 33. Ne2 g5 34. Qg3 Qd8 35. Bc2 f6 36. exf6 Bxf6 37. Qd3 Qc7 38. Bxf8 Kxf8 39. Qg6 Qg7 40. Qd3 Qc7 41. Qf3 Kg7 42. Qd3 Kf8 43. Qa3+ Qe7 44. Qd3 Bc8 45. Qc3 Qb7 46. Ng3 Bd7 47. Qf3 Ke7 48. Qa3+ Kf7 49. Qd3 Bg7 50. Qf3+ Kg8 51. Bg6 Bc8 52. Qc3 Qd7 53. Kf1 Bb7 54. Ne2 Qd6 55. g3 e5 56. dxe5 Qxe5 57. Qxe5 Bxe5 58. f4 gxf4 59. gxf4 Bf6 60. Ke1 Kf8 61. Kd2 Ke7 62. Ng3 Kd6 63. Nf5+ Kc5 64. Nxh6 Kb4 65. Bc2 d4 66. Ng4 d3 67. Kxd3 Ba1 68. Ne5 Bc8 69. h6 Bf5+ 70. Kd2 Bc3+ 71. Kc1 1-0

[Event "Muensterland Verbandsklasse 1314"]
[Site "Germany"]
[Date "2013.10.12"]
[Round "2.4"]
[White "Teloeken, Stefan"]
[Black "Klueppel, Ralf"]
[Result "1/2-1/2"]
[WhiteElo "1745"]
[BlackElo "1734"]
[PlyCount "128"]
[EventDate "2013.09.21"]
[EventType "team-tourn"]
[EventRounds "9"]
[EventCountry "GER"]
[SourceTitle "EXT 2015"]
[Source "ChessBase"]
[SourceDate "2014.11.20"]
[SourceVersion "1"]
[SourceVersionDate "2014.11.20"]
[SourceQuality "1"]
[WhiteTeam "Suedlohn II"]
[BlackTeam "Borken"]
[WhiteTeamCountry "GER"]
[BlackTeamCountry "GER"]

1. c4 Nf6 2. Nf3 g6 3. g3 Bg7 4. Bg2 d5 5. cxd5 Nxd5 6. d4 0-0 7. 0-0 c5 8. e3 cxd4 9. Nxd4 Nc6 10. Ne2 Be6 11. Nd2 Rc8 12. a3 Qc7 13. Bxd5 Bxd5 14. Nf4 Rfd8 15. Nxd5 Rxd5 16. Qb3 Rcd8 17. Qc2 Qd7 18. Nf3 Qg4 19. Kg2 e5 20. h3 Qe6 21. e4 Rd3 22. Bg5 f6 23. Be3 Qb3 24. Qxb3+ Rxb3 25. Rab1 Kf7 26. Nd2 Rbd3 27. Nf3 Bf8 28. Rbc1 R8d7 29. h4 Be7 30. Rfe1 Bd8 31. Re2 Ke6 32. Rec2 a6 33. Kf1 Na5 34. Rc3 Rd1+ 35. Ke2 Rxc1 36. Bxc1 Nc6 37. Be3 Ba5 38. b4 Bd8 39. Rd3 Be7 40. Rxd7 Kxd7 41. Kd3 Nd8 42. Nd2 Kc6 43. Nb1 Ne6 44. Nc3 Bd8 45. Kc4 b5+ 46. Kd3 a5 47. Nd5 a4 48. f3 Nc7 49. Nc3 Ne8 50. Bc5 Ng7 51. Nd5 Ne6 52. Bf2 Nc7 53. Nc3 Ne6 54. Nd5 Ng7 55. Bc5 Ne6 56. Bf2 Nc7 57. Nc3 Ne8 58. Nd5 Nd6 59. Bc5 Nc4 60. Be7 Bxe7 61. Nxe7+ Kd6 62. Nd5 f5 63. Ne3 fxe4+ 64. fxe4 Nb6 1/2-1/2

[Event "Muensterland Verbandsklasse-B 1213"]
[Site "Germany"]
[Date "2013.01.26"]
[Round "5.5"]
[White "Teloeken, Stefan"]
[Black "Luecke, Thomas"]
[Result "1-0"]
[WhiteElo "1745"]
[BlackElo "1882"]
[PlyCount "93"]
[EventDate "2012.09.15"]
[EventType "team-tourn"]
[EventRounds "9"]
[EventCountry "GER"]
[SourceTitle "EXT 2015"]
[Source "ChessBase"]
[SourceDate "2014.11.20"]
[SourceVersion "1"]
[SourceVersionDate "2014.11.20"]
[SourceQuality "1"]
[WhiteTeam "Suedlohn II"]
[BlackTeam "Emsdetten Rochade"]
[WhiteTeamCountry "GER"]
[BlackTeamCountry "GER"]

1. c4 e5 2. Nc3 Nf6 3. g3 Nc6 4. Bg2 Bc5 5. e3 0-0 6. Nge2 d6 7. 0-0 Bg4 8. h3 Bd7 9. d3 Qc8 10. Kh2 Ne7 11. Na4 Bc6 12. e4 Nd7 13. Nxc5 dxc5 14. Nc3 b6 15. f4 f6 16. f5 Bb7 17. g4 g5 18. h4 h6 19. Bf3 Kf7 20. Kg2 a6 21. Rh1 Rh8 22. Be3 Qg8 23. Qd2 Qg7 24. Kf2 Rac8 25. Rag1 Nb8 26. Ne2 Nbc6 27. Ng3 Nd4 28. Bd1 Nec6 29. Nh5 Qg8 30. Rg3 Ke7 31. Rgh3 Qf7 32. Nxf6 Kxf6 33. hxg5+ Ke7 34. gxh6 Rcg8 35. g5 Kd8 36. Bh5 Qd7 37. g6 Nxf5 38. Bg4 Ncd4 39. g7 Rh7 40. Bxd4 Qxd4+ 41. Ke2 Ne7 42. Be6 Bc8 43. Bxg8 Nxg8 44. Qg5+ Ke8 45. Qg6+ Kd8 46. Rf3 Qxb2+ 47. Kf1 1-0

[Event "Muensterland Verbandsklasse-B 1213"]
[Site "Germany"]
[Date "2012.09.15"]
[Round "1.6"]
[White "Teloeken, Stefan"]
[Black "Ulunque Villazon, Humberto"]
[Result "1-0"]
[WhiteElo "1745"]
[BlackElo "1577"]
[PlyCount "31"]
[EventDate "2012.09.15"]
[EventType "team-tourn"]
[EventRounds "9"]
[EventCountry "GER"]
[SourceTitle "EXT 2015"]
[Source "ChessBase"]
[SourceDate "2014.11.20"]
[SourceVersion "1"]
[SourceVersionDate "2014.11.20"]
[SourceQuality "1"]
[WhiteTeam "Suedlohn II"]
[BlackTeam "Saerbeck"]
[WhiteTeamCountry "GER"]
[BlackTeamCountry "GER"]

1. c4 Nf6 2. d4 g6 3. g3 Bg7 4. Bg2 0-0 5. e3 d6 6. Ne2 c6 7. 0-0 Na6 8. Nbc3 Nc7 9. b3 Bd7 10. Bb2 e5 11. Qd2 Nce8 12. dxe5 Nh5 13. exd6 Be5 14. c5 Qa5 15. Rac1 Bh8 16. Nd5 1-0

[Event "Muensterland Verbandsklasse-A 1112"]
[Site "Germany"]
[Date "2012.02.11"]
[Round "6.5"]
[White "Teriete, Joachim"]
[Black "Teloeken, Stefan"]
[Result "0-1"]
[WhiteElo "1624"]
[BlackElo "1727"]
[PlyCount "84"]
[EventDate "2011.09.17"]
[EventType "team-tourn"]
[EventRounds "9"]
[EventCountry "GER"]
[SourceTitle "EXT 2013"]
[Source "ChessBase"]
[SourceDate "2012.11.22"]
[SourceVersion "1"]
[SourceVersionDate "2012.11.22"]
[SourceQuality "1"]
[WhiteTeam "Ostbevern Westbevern II"]
[BlackTeam "Suedlohn II"]
[WhiteTeamCountry "GER"]
[BlackTeamCountry "GER"]

1. d4 d5 2. e3 c6 3. c4 e6 4. Nc3 Nf6 5. Nf3 Be7 6. b3 0-0 7. Bd3 Nbd7 8. 0-0 b6 9. Qc2 h6 10. Re1 Bb7 11. Bb2 c5 12. cxd5 Nxd5 13. e4 Nb4 14. Qd2 cxd4 15. Nxd4 Nc5 16. Bb1 e5 17. Nf3 Qxd2 18. Nxd2 Nbd3 19. Bxd3 Nxd3 20. Reb1 Bc5 21. Nd1 Nxb2 22. Nxb2 Bd4 23. a4 Rfd8 24. Kf1 Bc3 25. Ndc4 Bxe4 26. Rd1 f6 27. Rac1 Bb4 28. f3 Bg6 29. Ke2 Rxd1 30. Kxd1 Rd8+ 31. Ke2 Bc5 32. g4 Kf7 33. h4 h5 34. g5 Ke6 35. Ne3 Rd4 36. gxf6 gxf6 37. Rg1 Kf7 38. Rh1 Rb4 39. Nbc4 Rxb3 40. Rd1 Bd4 41. Nd6+ Ke6 42. Ndc4 Be8 0-1

[Event "Muensterland Verbandsklasse-A 1011"]
[Site "Germany"]
[Date "2011.02.19"]
[Round "7.5"]
[White "Noering, Andreas"]
[Black "Teloeken, Stefan"]
[Result "1/2-1/2"]
[WhiteElo "1805"]
[BlackElo "1735"]
[PlyCount "41"]
[EventDate "2010.09.18"]
[EventType "team-tourn"]
[EventRounds "9"]
[EventCountry "GER"]
[SourceTitle "EXT 2012"]
[Source "ChessBase"]
[SourceDate "2011.11.24"]
[SourceVersion "1"]
[SourceVersionDate "2011.11.24"]
[SourceQuality "1"]
[WhiteTeam "Emsdetten Rochade"]
[BlackTeam "Suedlohn II"]
[WhiteTeamCountry "GER"]
[BlackTeamCountry "GER"]

1. e4 c5 2. Nf3 d6 3. d4 cxd4 4. Nxd4 Nf6 5. Nc3 g6 6. f4 Nc6 7. Be2 Bg7 8. Be3 0-0 9. Qd2 Bd7 10. h3 Rc8 11. g4 Na5 12. 0-0-0 Nc4 13. Bxc4 Rxc4 14. e5 Ne8 15. exd6 Nxd6 16. Rhf1 a6 17. Nde2 Qa5 18. Bd4 Rfc8 19. Bxg7 Kxg7 20. Kb1 b5 21. Nd5 1/2-1/2

[Event "Muensterland Verbandsklasse-A 0809"]
[Site "Germany"]
[Date "2008.12.06"]
[Round "4.5"]
[White "Teloeken, Stefan"]
[Black "Schlueter, Gerhard"]
[Result "1/2-1/2"]
[WhiteElo "1757"]
[BlackElo "1711"]
[PlyCount "35"]
[EventDate "2008.09.13"]
[EventType "team-tourn"]
[EventRounds "9"]
[EventCountry "GER"]
[SourceTitle "EXT 2010"]
[Source "ChessBase"]
[SourceDate "2010.11.25"]
[SourceVersion "1"]
[SourceVersionDate "2010.11.25"]
[SourceQuality "1"]
[WhiteTeam "Suedlohn II"]
[BlackTeam "Gronau II"]
[WhiteTeamCountry "GER"]
[BlackTeamCountry "GER"]

1. c4 e6 2. Nf3 d5 3. b3 Nf6 4. Bb2 Be7 5. g3 Nbd7 6. Bg2 0-0 7. 0-0 c6 8. d4 b6 9. Nbd2 Bb7 10. e3 Rc8 11. Rc1 c5 12. Ne5 Rc7 13. Qc2 Qa8 14. Qd1 Rfc8 15. cxd5 Bxd5 16. Bxd5 Qxd5 17. Nxd7 Qxd7 18. Nf3 1/2-1/2

[Event "Muensterland Verbandsklasse-A 0809"]
[Site "Germany"]
[Date "2008.10.11"]
[Round "2.5"]
[White "Teloeken, Stefan"]
[Black "Webner, Dennis"]
[Result "0-1"]
[WhiteElo "1757"]
[BlackElo "1856"]
[PlyCount "38"]
[EventDate "2008.09.13"]
[EventType "team-tourn"]
[EventRounds "9"]
[EventCountry "GER"]
[SourceTitle "EXT 2010"]
[Source "ChessBase"]
[SourceDate "2010.11.25"]
[SourceVersion "1"]
[SourceVersionDate "2010.11.25"]
[SourceQuality "1"]
[WhiteTeam "Suedlohn II"]
[BlackTeam "Nienberge"]
[WhiteTeamCountry "GER"]
[BlackTeamCountry "GER"]

1. c4 d5 2. Nf3 Nf6 3. b3 Bg4 4. Bb2 Bxf3 5. exf3 d4 6. d3 e5 7. Qe2 Bb4+ 8. Nd2 0-0 9. g3 c5 10. Bg2 Qa5 11. Bc1 Bc3 12. Rb1 Qxa2 13. 0-0 Nc6 14. Rd1 Rfe8 15. Kf1 Nb4 16. g4 Rac8 17. f4 exf4 18. Qf3 Qc2 19. Ne4 Nxe4 0-1